000 012570000a22003130004500
003 EG-GICUC
005 20250223032037.0
008 070307s2002 ua d f m 000 0 eng d
040 _aEG-GICUC
_beng
_cEG-GICUC
041 0 _aEng
049 _aDeposite
097 _aM.Sc
099 _aCai01.11.23.M.Sc.2002.Wa.P
100 0 _aWaleed Hammam Abdmanaf
245 1 0 _aPattern of paediatric malignant neoplasms an ovarview /
_cWaleed Hammam Abdmanaf ; Supervised Ebtsam Saad Eldin , Mohsein Moukhtar , Amr Elkasheif
246 1 5 _aالاورام الخبيثة فى الاطفال : حالات اورام الاطفال بمركز قصر العينى لعلاج الاورام فى الفترة من 1997 - 2001
260 _aCairo :
_bWaleed Hammam Abdmanaf ,
_c2002
300 _a89P :
_bcharts ;
_c25cm
502 _aThesis (M.Sc.) - Cairo University - Faculty Of Medicine - Department Of Oncology
530 _aIssued also as CD
653 4 _aPediatric malignant neoplasms
700 0 _aAmr Elkasheif ,
_eSupervisor
700 0 _aEbtsam Saad Eldin ,
_eSupervisor
700 0 _aMohsein Moukhtar ,
_eSupervisor
856 _uhttp://172.23.153.220/th.pdf
905 _aEnas
_ecataloger
905 _aMustafa
_eRevisor
942 _2ddc
_cTH
999 _c67245
_d67245